[Event "Pula zt 1.2"]
[Site "Pula"]
[Date "2000.04.12"]
[Round "2"]
[White "Hertneck, Gerald"]
[Black "Stanec, Nikolaus"]
[Result "1-0"]
[WhiteElo "2571"]
[BlackElo "2479"]
[Annotator "Tsesarsky,I"]
[PlyCount "87"]
[EventDate "2000.04.11"]
[EventType "swiss"]
[EventRounds "11"]
[EventCountry "CRO"]
[SourceTitle "CBM 077"]
[Source "ChessBase"]
[SourceDate "2000.07.27"]
[SourceVersion "1"]
[SourceVersionDate "2000.07.27"]
[SourceQuality "1"]

1. d4 Nf6 2. Nf3 g6 3. Nc3 d5 4. Bf4 c6 5. e3 Nbd7 6. h3 Bg7 7. Be2 O-O 8. O-O
(8. g4 $5 {Idea of P.Blatny} Qa5 {See comments to the game 0-1 Blatny,
P-Krasenkov,M/Nimes ,EXT 1991/ (57)} (8... Qb6 9. Rb1 {See comments to the
game 1/2-1/2 Maderer,G-Barten,R/cr 1991/[Barten] (56)} (9. Rb1 {See also
comments to the game Blatny,P-Georgiev,K/Novi Sad olm 1990/Inf 51/ (17)})))
8... Ne8 $6 $14 {Right plan in wrong implementation...Black must wait for
Nf3-e5 or another move make e3-e4 promotion not so effective like in this game.
} ({Another lines are:} 8... Re8 $6 9. Ne5 (9. a4 a5 10. Re1 (10. Bh2 b6 $132 {
[%cal Gc8b7]} (10... Nb6 11. Bd3 Bf5 12. Bxf5 gxf5 13. Ne5 Nbd7 14. g4 fxg4 15.
hxg4 $14 {1-0 Ftacnik,L-Heinemann,T/City-ch, Hamburg GER 1998/(45)})) 10... b6
(10... Qb6 11. Ra3 e6 12. Bf1 Qb4 13. Rb3 Qf8 14. Bh2 $14 {[%cal Ge3e4] 1-0
Horvath,C-Sepp,O/Debrecen EU tt HU3-EST ,EU-chT 1992/ (46)}) (10... h6 11. Bh2
Nf8 12. Nb1 Bf5 13. c3 Qb6 14. Qc1 N6d7 15. Nbd2 c5 $11 {1-0 Keitlinghaus,
L-Uhlmann,W/BL 1996/BL 90/ (52)}) 11. Ne5 Bb7 12. Bf3 Nxe5 13. Bxe5 e6 14. Qc1
Rc8 15. e4 $11 {1/2-1/2 Wockenfuss,K-Zysk,R/BL 1988/ (71)}) (9. Re1 Nf8 10. Bf1
Ne6 11. Be5 a5 12. a4 $132 {1/2-1/2 Horvath,C-Lanka,Z/Debrecen EU tt HU3-LAT
1992/ (32)}) (9. Kh2 b5 10. a3 a6 11. Ne5 Nxe5 12. Bxe5 Bh6 13. Bf3 Nd7 14. Bf4
Bg7 15. e4 e6 $11 {0-1 Itkis,B-Sepp,O/32nd ol, Yerevan ARM 1996/ (34)}) (9. Bh2
Ne4 (9... Nb6 10. Bd3 Nc4 $6 11. Bxc4 dxc4 12. Ne5 $14 {1-0 Dunnington,A-Ahn,M/
Eupen 1993/ (33)}) (9... Nf8 10. Bd3 Bf5 11. Re1 (11. Bxf5 gxf5 $11) 11... Ne4
12. Bxe4 Bxe4 13. Nxe4 dxe4 14. Nd2 e5 15. c3 exd4 16. exd4 $14 {1-0
Dunnington,A-Hernandez,A/Andorra 1994/(87)}) 10. Nxe4 dxe4 11. Ng5 e5 12. Nxe4
exd4 13. Nd6 Rf8 14. exd4 Qb6 15. c3 Qxb2 16. Qd3 $14 {1-0 Dunnington,
A-Valensi,B/Cannes Martinez ,EXT 1992/ (29)}) 9... Ne4 (9... Nxe5 10. Bxe5 Bh6
11. Bh2 Bf5 12. g4 Bc8 13. f4 Bg7 14. g5 Nd7 15. Bg4 Nb6 $132 {0-1 Forbes,
C-Fantin,L/York ENG 2000/ (38)}) 10. Nxe4 dxe4 11. Nc4 f5 12. f3 exf3 13. Bxf3
e5 14. dxe5 Qe7 15. Nd6 Rd8 16. Bd5+ Kf8 $1 $15 (16... cxd5 17. Qxd5+ Kf8 18.
Bg5 $16 {1-0 Kohler,A-Lange,W/Bad Oeynhausen 1939/(59)})) (8... Qb6 $6 9. Rb1
Re8 {[%cal Ge7e5]} 10. Bh2 Nf8 (10... Ne4 11. Nxe4 dxe4 12. Nd2 f5 13. Nc4 Qd8
14. c3 $14 {[%cal Gd1b3]}) 11. Bd3 Ne6 12. b4 a6 13. Qe2 Nd7 14. Na4 Qd8 15. c4
$14 {1/2-1/2 Pavlov Pianov,N-Romanovsky,P/URS-ch05 Moscow 1927/ (46)}) (8...
Nb6 $5 9. Ne5 Ne8 $1 {[%mdl 4] Rihgt plan in right implementation!} 10. e4 (10.
Bd3 Nd6 $11) 10... Nd6 11. exd5 Nxd5 12. Nxd5 cxd5 13. c3 Bf5 $11 {1/2-1/2
Sorokin,N-Kasparian,G/Moscow URS ch 1931/ (33)}) (8... h6 $5 9. Ne5 Nb6 10. a4
a5 11. Bd3 Ne8 $1 {[%cal Ge8d6,Gc8f5][%mdl 4] We noted this plan - the best
solution in positions like this} 12. Qe2 Nd6 13. Rad1 Bf5 $11 {0-1 Terentiev,
S-Petrushin,A/Rostov 1981/ (42)}) (8... a5 $5 9. Ne5 (9. a4 Ne8 $11) 9... a4 $5
(9... Ne8 $1 $11 {[%mdl 4]}) 10. Bf3 Qa5 $11 {0-1 Pantelidis,I-Arakhamia,K/
Heraklion 1993/ (44)}) (8... b6 9. a4 (9. Ne5 Bb7 10. Bf3 (10. a4 Ne8 $1 11.
Ng4 f6 12. h4 e5 $132 {0-1 Palacios De la Prida,E-Mellado,J/ESP ch ,EXT 1989/
(30)}) 10... Ne8 $1 $11 (10... Rc8 11. a4 Nxe5 12. Bxe5 Nd7 13. Bxg7 Kxg7 14.
e4 dxe4 15. Bxe4 f5 16. Bf3 e5 $11 {0-1 Bernstein,O-Letelier Martner,R/
Montevideo 1954/ (37)})) 9... a5 10. Ne5 Nxe5 11. Bxe5 Re8 12. Bf3 e6 {1/2-1/2
Malaniuk,V-Aronian,L/Batumi 1999/CBM 74/ (12)}) 9. e4 $1 {This promotion is
logical continuation - Black replaced Nf6 and don't control e4 square} dxe4 10.
Nxe4 Ndf6 (10... Nef6 11. Ned2 $1 {[%mdl 32]} (11. Nxf6+ Nxf6 $11 {A little
space advantage is not important - compare with Caro-Cann PP structure.}) 11...
a5 12. Re1 a4 13. a3 Re8 14. Nc4 Nd5 15. Bg3 N7f6 16. Bf1 $14 {1-0 Degerman,
L-Hjelm,N/SWE-ch Borlange 1995/ (42)}) 11. Ned2 $1 {[%mdl 32]} (11. Nxf6+ Nxf6
$1 $11 {See comment to previous move.} (11... Bxf6 12. c3 Nd6 13. Be5 Be6 14.
Re1 Bg7 15. Bxg7 Kxg7 16. Qc1 $14 {1-0 Dunnington,A-Nalbandian,T/Paris ,EXT
1995/ (56)})) 11... Nd6 12. Re1 Nf5 13. c3 a5 (13... b6 14. Ne5 $14) (13... Nd5
14. Bh2 $14) 14. a4 Nd5 15. Bh2 Nd6 16. Bf1 Bd7 17. Ne5 Bf5 18. Ra3 {[%cal
Ga3h3] Both sides play slowly. Black have no active plan. White prepare Attack.
..} Nf6 19. g4 $1 {At last! White increase Space advantage} Bc8 20. c4 $1 {
[%cal Ga3g3] Playing on whole board!} Nde8 21. Ndf3 Nc7 (21... h5 $5 22. g5 Nh7
(22... Nd7 23. Nxd7 Bxd7 24. Rae3 $16) 23. Bg2 Nd6 $14) 22. Bg2 Ne6 23. Rd3 {
Black "chokes" because of lack of space.} Qb6 {[%cal Gb6b4]} 24. Rb3 {Go away,
dear Queen!} Qd8 25. Qd2 Nd7 26. Qe3 ({Sacrifice} 26. Nxf7 $6 {was not
effective enough:} Rxf7 $1 (26... Kxf7 27. Rxe6 Nc5 (27... Kxe6 28. Ng5+ Kf6
29. Qf4#) 28. dxc5 Qxd2 29. Rxe7+ Kxe7 30. Nxd2 Rd8 31. Bd6+ $14) 27. Rxe6 Nc5
28. Ree3 (28. dxc5 Bxe6 29. Rxb7 Qxd2 30. Nxd2 Bd4 31. Bg3 Bxc5 $132)) 26...
Nxe5 27. dxe5 (27. Bxe5 $14) 27... Qc7 $6 $16 (27... c5 $142 28. Rd3 Qb6 29. b3
Rd8 30. Red1 Rxd3 31. Rxd3 $14) 28. c5 $1 Rd8 29. Bf1 {[%cal Gf1c4]} Rd5 30.
Rc3 Qd8 31. Rcc1 {to avoid RR change} (31. Bc4 Rd1 32. Rc1 Rxe1+ 33. Rxe1 $14)
31... Qf8 {Black still have problem with Bc8 development} (31... Nc7 $2 32. Bc4
Rd7 33. Bxf7+ $18) 32. Nd2 Qd8 {Passive waiting for "death" - that's all Black
can do...} 33. Nb3 Nd4 $2 $18 {To stand quietly, to not twitch is unpleasantly
and difficultly...} ({Better was} 33... Qc7 34. Bc4 Rd8 35. Rcd1 $16 {and it
is not easy for White to increase pressure.}) 34. Bc4 {[%cal Gc4f7]} Nxb3 (
34... Rd7 35. Nxd4 (35. Bxf7+ Kxf7 36. e6+ Nxe6 37. Qxe6+ Kf8 38. Be5 Bh6 39.
Rc3 Rd3 40. Qc4 Rd5 41. Rf3+ $16) 35... Rxd4 36. e6 f6 37. Bc7 Bh6 38. f4 Qxc7
39. Qxd4 Bxf4 40. Rcd1 $18 {[%csl Ra8,Rc8]}) 35. Qxb3 {Black lose material and
the game...} Be6 (35... e6 36. Bxd5 exd5 37. f4 $18) 36. Qxb7 Rb8 (36... Rd7
37. Qxc6 Bxc4 38. Rxc4 Rc8 39. Qe4 Rd2 40. e6 $18) 37. Qxc6 Rxb2 38. Bxd5 Bxd5
39. Rcd1 e6 40. Rxd5 Qxd5 (40... exd5 41. e6 Qf6 42. Qe8+ Bf8 43. exf7+ Qxf7
44. Qxf7+ Kxf7 45. c6 Rc2 46. c7 $18) 41. Qxd5 exd5 42. Rd1 Bf8 43. Rxd5 Rc2
44. c6 {[%cal Gd5a5]} 1-0

[Event "RUS-chT 07th"]
[Site "Smolensk"]
[Date "2000.04.22"]
[Round "8"]
[White "Terentiev, Vitaly G"]
[Black "Donchenko, Anatoly G"]
[Result "1-0"]
[WhiteElo "2393"]
[BlackElo "2428"]
[Annotator "Tsesarsky,I"]
[PlyCount "99"]
[EventDate "2000.04.15"]
[EventType "team-tourn"]
[EventRounds "11"]
[EventCountry "RUS"]
[SourceTitle "CBM 077"]
[Source "ChessBase"]
[SourceDate "2000.07.27"]
[SourceVersion "1"]
[SourceVersionDate "2000.07.27"]
[SourceQuality "1"]
[WhiteTeam "Voronezh OShK"]
[BlackTeam "Moscow Phoenix"]
[WhiteTeamCountry "RUS"]
[BlackTeamCountry "RUS"]

1. d4 d5 2. Bf4 Nf6 3. e3 e6 4. Nd2 c5 5. c3 Nbd7 $6 {Another continuation
lead to equal position:} (5... Nc6 6. Bd3 (6. Be2 Bd6 7. Bxd6 Qxd6 8. Ngf3 O-O
$11 {1-0 Chrenow-Nade/cr ch we 0/ (25)}) (6. Bg3 Qb6 7. Rb1 Bd7 8. Bd3 Rc8 (
8... Be7 9. h3 cxd4 10. exd4 Na5 11. Qe2 O-O $132 {0-1 Sorensen,H-Bogdanovich,
G/Copenhagen op ,EXT 1994/ (49)}) 9. Ngf3 Be7 10. Ne5 O-O 11. f4 Be8 12. Bf2
Nd7 $11 {0-1 Janowski,D-Showalter,J/Lexington m 1916/ (67)}) 6... Bd6 (6... Qb6
7. Rb1 cxd4 8. exd4 Be7 9. h3 Bd7 10. Ngf3 O-O 11. O-O Rac8 $11 {(...). 0-1
Romi,M-Vistaneckis,I/Prague olm ,HCL 1931/ (43)}) (6... Be7 7. Nh3 a5 8. O-O
O-O 9. Qb1 h6 10. Nf3 b6 11. Ne5 Bb7 12. g4 Nxe5 13. dxe5 Ne4 $132 {1/2-1/2
Szabolcsi,J-Tokmachev,M/Budapest HUN 1999/ (43)}) 7. Bg5 (7. Bxd6 Qxd6 8. f4
Bd7 (8... O-O 9. g3 b6 10. Ngf3 Bb7 $11 {1-0 Doderer,H-Windhorst,W/cr QTV-24
Durlach-Luebbecke [1] 1991/ (62)}) 9. Ngf3 (9. Nh3 Ne7 10. O-O Bc6 11. Qb1 b6
12. Ng5 h6 13. Ngf3 O-O $11 {1-0 Szabolcsi,J-Lukacs,P/Budapest FS08 GM 1996/
EXP 54/ (28)}) (9. Qf3 O-O $11 (9... O-O-O 10. Ne2 Kb8 11. O-O $14 {0-1
Polyakova,N-Shadrina,T/Moscow RUS 1999/ (47)})) 9... cxd4 10. cxd4 Nb4 11. Bb1
Bb5 12. Ne5 {1-0 Gulko,B-MChess Pro/Harvard 1995/[ 5] (81)}) 7... h6 (7... cxd4
8. exd4 O-O 9. Ngf3 h6 10. Bh4 e5 11. dxe5 Nxe5 12. Nxe5 Bxe5 13. Qc2 Be6 14.
Nf3 $14 {1/2-1/2 Marks-Kirby,J/California 1986/ (44)}) 8. Bh4 e5 $11) (5... Bd6
6. Bg3 (6. Bxd6 Qxd6 7. Bd3 Nc6 8. f4 cxd4 9. cxd4 Nb4 10. Bb1 O-O 11. a3 Nc6
12. Ngf3 b6 13. Bd3 a5 14. Qe2 Bb7 15. O-O $11 {0-1 Gulko,B-Virtual Chess/
Sixth Harvard Cup New York USA 1995/ (51)}) 6... Bxg3 (6... O-O 7. Bd3 b6 8.
Ngf3 (8. Qe2 cxd4 9. exd4 a5 10. f4 Ba6 11. Bxa6 Nxa6 12. Nh3 Qd7 $11 {0-1
Millivojevic-Jovovcic/cr YU 0/(33)}) 8... Bb7 9. Ne5 Qc7 10. Qb1 Nbd7 11. Nxd7
Qxd7 12. Bh4 $14 {0-1 Kovacevic,S-Stanisic,M/Sokobanja 1989/(50)}) 7. hxg3 Nc6
8. Ngf3 cxd4 9. cxd4 Bd7 $11) (5... Qb6 6. Rb1 (6. Qb3 c4 7. Qc2 Qc6 8. Ngf3
Nbd7 9. Be2 b5 $132 {0-1 Zenner,C-Klatt,O/cr ch DDR 1987 (49)}) 6... Bd7 7.
Ngf3 cxd4 8. exd4 Bb5 9. Qb3 Bxf1 10. Qxb6 axb6 11. Rxf1 Nc6 $11 {1/2-1/2
Tartakower-Gudmundsson/Amsterdam 1950/ (44)}) (5... Be7 6. Ngf3 O-O 7. Bd3 b6
8. Ne5 a5 (8... Bb7 9. Rc1 Nbd7 10. Ng4 c4 11. Bb1 b5 12. Qf3 Nxg4 13. Qxg4 f5
14. Qe2 Nf6 15. O-O a5 16. f3 $14 {1-0 Kaunzinger-Jahrsdoerfer,G/BEM M II
Wuerzburg 1995/ (50)}) 9. Qf3 Ba6 10. Bc2 cxd4 11. exd4 Qc8 12. Qg3 Nc6 $132 {
0-1 Lipsanen,E-Nokso Koivisto,A/FIN ch Helsinki ,EXT 1990/ (29)}) (5... b6 6.
Bb5+ Bd7 7. Bd3 Bc6 8. Ngf3 Bd6 9. Bxd6 Qxd6 10. Ne5 Bb7 11. f4 Nbd7 12. Qf3 a5
13. a4 Ba6 14. Bc2 $11 {0-1 Salac,J-Trojek,P/Lilie Open, Litomysl CZE 1997 (46)
}) 6. Bd3 b6 (6... Qb6 7. Qc2 $14) 7. Ngf3 Bb7 (7... Be7 8. Ne5 (8. O-O Nh5 $11
) (8. h3 O-O 9. O-O Bb7 10. Ne5 Ne4 $11) 8... Nxe5 (8... Bb7 9. Qf3 $1 $14 {
-like in this game}) 9. dxe5 Nd7 10. e4 (10. Qg4 g5 11. Bg3 h5 $19 {[%csl Rg3]}
) 10... O-O 11. exd5 exd5 12. Qh5 $14) 8. Ne5 Be7 9. Qf3 $1 {White prevent Ne4
and develop Q to active position} O-O (9... Nxe5 10. Bxe5 Qd7 11. O-O O-O 12.
Qh3 h6 13. f4 Bc6 14. f5 $14) 10. Qh3 {[%cal Gh3h7,Gd3h7]} g6 (10... h6 11. O-O
Nxe5 12. Bxe5 Nd7 13. Bf4 Bg5 (13... Bf6 14. Bxh6 $18) 14. Bxg5 Qxg5 15. f4 Qf6
16. Nf3 $14) (10... Ne4 11. f3 Nef6 $14) 11. Bh6 Re8 12. f4 a6 (12... a5 $5 {
[%csl Rb5][%cal Gb7a6]} 13. O-O-O $1 {and White organize K Attack faster than
Black:} Ba6 (13... Ne4 14. Nxe4 dxe4 15. Bb5 $16) 14. Bc2 $1 Rc8 15. g4 b5 16.
f5 exf5 17. gxf5 b4 18. fxg6 hxg6 $8 19. Bxg6 $1 {Strong sacrifice.} (19. Nxg6
fxg6 20. Qe6+ Kh8 21. Qxa6 (21. Qf7 Rg8 $19) 21... bxc3 22. bxc3 cxd4 23. cxd4
Qc7 24. Qd3 Ba3+ 25. Kb1 Qb8+ 26. Nb3 Ne4 $17) 19... Nxe5 (19... fxg6 20. Qe6+
Kh8 21. Nf7+ $18) 20. dxe5 {[%csl Rg8]} (20. Bxf7+ $2 Kxf7 (20... Nxf7 21.
Rhg1+ Kh8 22. Bg7+ Kg8 23. Bxf6+ $18) 21. dxe5 Qd7 $17) 20... fxg6 21. Rhg1
bxc3 (21... Bd3 22. e4 $3 $18) 22. Rxg6+ Kh7 23. Rg7+ Kh8 24. Bf4+ Kxg7 25.
Rg1+ $18) 13. Qf3 $1 {[%csl Ge4] after f2-f4 promotion Q turn back!} (13. g4
Ne4 $1 $132) ({Here} 13. O-O-O {is not such strong:} b5 14. g4 (14. f5 exf5 15.
Bxf5 Nf8 $1 $132) 14... b4 15. g5 (15. cxb4 cxd4 16. exd4 Bxb4 17. f5 (17. Ndf3
Ne4 $17) 17... Nxe5 18. dxe5 Nd7 $17) (15. f5 bxc3 16. bxc3 Qa5 $19) 15... bxc3
16. bxc3 Nh5 17. Nxg6 hxg6 18. Bxg6 fxg6 19. Qxe6+ Kh8 20. Qxg6 cxd4 21. Qxh5
dxc3 22. Nc4 dxc4 23. Bf8+ Kg8 24. Qg6+ Kxf8 25. Qh6+ Kf7 26. Qh7+ $11) 13...
Bf8 14. Bg5 {Attack will be more dangerous with the BB!} h6 15. Bh4 Bg7 16. O-O
{King-side castle will not stop the Activity!} (16. O-O-O b5 $132) 16... Qc7
17. g4 $36 b5 18. Bg3 {The B release a way to the Ph2} Qd8 (18... b4 19. cxb4
cxb4 (19... cxd4 20. exd4 Qb6 21. Nb3 Qxb4 22. g5 $1 $18) 20. Nxf7 Kxf7 21.
Bxg6+ Kg8 (21... Kxg6 22. f5+ $18) 22. Rac1 Qd6 23. Bxe8 Nxe8 24. Nc4 $1 $16) (
18... c4 19. Bc2 a5 20. f5 $16) 19. h4 h5 $4 $18 {[%mdl 16384]} (19... Qe7 20.
g5 $1 ({Very interesting and complicated is piece sacrifice:} 20. Nxg6 fxg6 21.
Bxg6 Rf8 22. g5 Nh7 23. Qh5 b4 24. Kh2 (24. gxh6 Bf6 25. Bd3 Kh8 $15) 24...
bxc3 25. bxc3 Bc6 (25... Rfc8 26. Rab1 Ndf8 27. gxh6 Bf6 28. f5 $16) 26. Rg1 (
26. gxh6 Ndf6 27. hxg7 Kxg7 28. Qe5 Kxg6 29. f5+ Kf7 30. fxe6+ Qxe6 $17) (26.
Rab1 Rab8 27. gxh6 Bf6 28. Rxb8 Rxb8 (28... Nxb8 29. Rg1 Kh8 30. Nf3 $16) 29.
f5 Rb2 30. Rf2 e5 $15) 26... Rab8 27. Rg2 Rb2 28. Rag1 Kh8 29. Bd3 Rg8 30. Be1
Bf8 $132) 20... Nxe5 21. fxe5 (21. dxe5 Nh5 22. e4 Nxg3 23. Qxg3 Rad8 $15)
21... Ne4 22. Nxe4 dxe4 23. Bxe4 Bxe4 24. Qxe4 hxg5 25. Qg4 $14) 20. g5 Nh7 21.
Nxg6 $1 {Black didn't evaluate properly this sacrifice!} fxg6 22. Bxg6 Ndf8 23.
Bxh5 {Here 3P are much better than B because position is closed} Re7 24. Bg4 (
24. dxc5 Rc8 25. Nb3 Nd7 26. Nd4 Nxc5 27. f5 $1 $18) 24... Rf7 (24... cxd4 25.
exd4 {[%cal Ga1e1]} b4 26. Rae1 bxc3 27. bxc3 Rc8 28. f5 $1 $18) 25. Qe2 (25.
dxc5 $18) 25... Rf5 (25... Rc8 26. f5 Nxg5 27. hxg5 exf5 28. Bh5 Qxg5 29. Bxf7+
Kxf7 30. Rxf5+ $1 $18) 26. Nf3 {White don't hasten.Rf5 will not run away.} (26.
Bxf5 exf5 27. dxc5 Qe7 28. Qd3 Re8 29. Bf2 $18) 26... Ng6 27. dxc5 (27. Bxf5
exf5 28. dxc5 $18 (28. h5 $18)) 27... Ne7 28. Nd4 Nf8 {Black try to build
something like Blockade on White squares...} 29. h5 $1 Qc7 30. Bh4 (30. Bxf5
$18) 30... Qxc5 31. a3 Re8 32. Qd3 (32. Nxf5 $18) 32... Bc8 33. g6 Qd6 (33...
Nfxg6 34. hxg6 Nxg6 35. Bxf5 exf5 36. Bg5 $18) 34. Rae1 Nd7 35. Bxe7 Rxe7 36.
Bxf5 {White break "Blockade"} Nc5 37. Qc2 exf5 38. Nxf5 Bxf5 39. Qxf5 Ne4 40.
Qh3 (40. Qc8+ Bf8 41. Rf3 $18) 40... a5 41. Re2 Bh6 42. Rd1 Kg7 43. Rd4 Nf6 44.
Qf5 Qc6 45. Kf2 Qc7 (45... Ne4+ 46. Kf3 $18 (46. Rxe4 $18)) 46. Kf3 Qc6 47. Kf2
Ne4+ 48. Rxe4 (48. Kf3 $18) 48... dxe4 49. Rd2 b4 50. Rd8 1-0